| 000 | 00427nam a2200145Ia 4500 | ||
|---|---|---|---|
| 008 | 231129s1982||||xx |||||||||||||| ||spa|| | ||
| 020 | _a84-7166-567-0 | ||
| 040 | _bspa | ||
| 082 | _aR 658.4 W348e (EN PROCESO DE DESCARTE) V.12 Ej. | ||
| 100 | _aWatts B.K.R. | ||
| 245 | 0 | _aElementos de finanzas para gerentes | |
| 260 | _c1982 | ||
| 264 | _aEspaƱa (Madrid): Edaf | ||
| 942 |
_2ddc _cBKS |
||
| 999 |
_c12763 _d12763 |
||